| 000 | 00997cam a2200217 4500 | ||
|---|---|---|---|
| 001 | WB3839-13 | ||
| 008 | 021022n2002 000 0 eng u | ||
| 035 | _a(Sirsi) u120204 | ||
| 245 | _aBrownfield study urges revamp | ||
| 260 | _c2002 | ||
| 490 |
_aRegeneration and Renewal _v18 October 2002, 5(1) |
||
| 520 | _aReport to be presented at the Urban Summit by a spin off from Lord Roger's Urban Task Force claims that government targets to build 60% of all new homes in England on recycled land are unrealistic under current legislation. The report argues that the difficulties with brownfield regeneration are due to the fact that legislation classifies all land decontamination activity as waste management. For the report 'The regeneration Permit' t +44 (0)20 7618 9100. | ||
| 590 | _aWB | ||
| 650 | _aBROWNFIELD LAND | ||
| 650 | _aURBAN TASK FORCE | ||
| 650 | _aLAND DECONTAMINATION | ||
| 650 | _aDEVELOPERS | ||
| 650 | _aWASTE MANAGEMENT | ||
| 650 | _aREGENERATION | ||
| 942 | _n0 | ||
| 999 |
_c71402 _d71402 |
||